Bồi dưỡng văn-tiếng việt tiểu học 3
Gorde:
| Egile nagusia: | |
|---|---|
| Formatua: | Liburua |
| Hizkuntza: | Undetermined |
| Argitaratua: |
Hà Nội
Giáo dục
2005
|
| Gaiak: | |
| Etiketak: |
Etiketa erantsi
Etiketarik gabe, Izan zaitez lehena erregistro honi etiketa jartzen!
|
| Thư viện lưu trữ: | Trung tâm Học liệu Trường Đại học Cần Thơ |
|---|
| LEADER | 00653nam a2200205Ia 4500 | ||
|---|---|---|---|
| 001 | CTU_106306 | ||
| 008 | 210402s9999 xx 000 0 und d | ||
| 020 | |c 17000 | ||
| 082 | |a 372.6 | ||
| 082 | |b D513/T2/L3 | ||
| 100 | |a Nguyễn, Thị Kim Dung | ||
| 245 | 0 | |a Bồi dưỡng văn-tiếng việt tiểu học 3 | |
| 245 | 0 | |c Nguyễn Thị Kim Dung, Hồ Thị Vân Anh | |
| 260 | |a Hà Nội | ||
| 260 | |b Giáo dục | ||
| 260 | |c 2005 | ||
| 650 | |a Vietnamese language | ||
| 650 | |x Study and teaching ( elementary ) | ||
| 904 | |i Tuyến (Nguyên sửa) | ||
| 980 | |a Trung tâm Học liệu Trường Đại học Cần Thơ | ||